Os 7 corvos (Registo nº 4359)

Detalhes MARC
000 -Etiqueta do registo
Cabeçalho 00734nam0a2200241 4500
005 - Identificador da versão
Campo de controlo 20240904163519.0
010 ## - Número internacional normalizado dos livros (ISBN)
Número (ISBN) 9722607901
100 ## - Dados gerais de processamento
Dados gerais de processamento 20170113d1992 c y0pory5003 ba
101 1# - Língua de publicação
Língua do texto, banda sonora, etc. Português
Língua do documento no original Alemão
102 ## - Pais de publicação ou produção
País de publicação Portugal
200 1# - Titulo e menção de responsabilidade
Título próprio Os 7 corvos
Primeira menção de responsabilidade Irmãos Grimm
Outras menções de responsabilidade il. Lisbeth Zwerger
210 ## - Publicação, Distribuição, etc. 
Lugar da edição, distribuição, etc. [Porto]
Nome do editor, distribuidor, etc. Civilização
Data da publicação, distribuição, etc. [1992?]
Data da impressão imp. 1992
215 ## - Descrição física 
Indicação específica da natureza do documento e extensão da espécie [26] p.
Outras indicações físicas muito il. color
225 1# - Colecção 
Título próprio da colecção A minha primeira biblioteca
606 ## - Nome comum usado como assunto
Número de registo de entrada de autoridade 0001462
Palavra de ordem Literatura alemã
Subdivisão de assunto Conto
Código do sistema CA
675 ## - Classificação Decimal Universal (CDU)
Notação 821.112.2-34
Edição 3ª ed.
Língua da edição por
700 #1 - Nome de autor-pessoa física (responsabilidade principal)
Número de registo de entrada de autoridade 0001605
Palavra de ordem Grimm
Outra parte do nome não tomada para palavra de ordem Jacob
Elementos de identificação ou distinção e outro
Datas 1785-1863
701 #1 - Nome de autor-pessoa física (co-responsabilidade principal)
Palavra de ordem Grimm
Outra parte do nome não tomada para palavra de ordem Wilhelm
Elementos de identificação ou distinção e outro
Datas 1786-1859
Código de função Autor / Co-autor
702 #1 - Nome de autor-pessoa física (responsabilidade secundária)
Número de registo de entrada de autoridade 0001151
Palavra de ordem Zwerger
Outra parte do nome não tomada para palavra de ordem Lisbeth
Código de função Ilustrador / Técnico de desenho computorizado
942 ## - Elementos de entrada adicionados (Koha)
Tipo de item no Koha Livro
966 ## - Identificação da Biblioteca
Sigla EBVEN
Exemplares
Situação do levantamento Origin of item (home branch) (coded) Biblioteca de empréstimo Código de barras Cota Circulation type (not for loan) Tipo de documento Nota do exemplar Damaged status
  Biblioteca Escolar das Vendas Biblioteca Escolar das Vendas BEV91 8EST GRI   Livro Sem mensagem